Les meilleurs buteurs par club français - Statistiques

Statistiques générales
  • Ce quiz a été pris 107 fois
  • Le résultat moyen est 3 sur 19
Statistiques - réponses
Club Buts Joueur % Correct
Paris Saint-Germain 202 Kylian Mbappe
99%
Stade de Reims 145 Just Fontaine
27%
Olympique Marseille 194 Gunnar Anderson
23%
Girondins de Bordeaux 181 Alain Giresse
22%
Olympique Lyon 222 Fleury Di Nallo
21%
AS Monaco 223 Delio Onnis
18%
AS Saint-Etienne 211 Hervé Revelli
15%
Montpellier Hérault SC 82 Laurent Blanc
11%
FC Sochaux-Montbéliard 253 Roger Courtois
5%
RC Lens 121 Ahmed Oudjani
4%
Lille LOSC 174 Jean Baratte
4%
RC Strasbourg 118 Oscar Rohr
4%
Stade Rennais 154 Jean Grumellon
3%
FC Nantes 146 Phillipe Gondet
3%
AJ Auxerre 100 Andrzej Szarmach
2%
OGC Nice 211 Joaquin Valle
2%
Toulouse FC 83 Robert Pintenat
2%
Angers SCO 125 Christophe Lagrange
1%
Le Havre AC 105 Jean Saunier
0%
Aucun quiz correspondant
Distribution des résultats
% des personnes avec chaque résultat
Percentile par nombre de réponses
Votre historique - résultats
Vous n’avez pas pris ce quiz